| 000 | 01227nam a2200277Ia 4500 | ||
|---|---|---|---|
| 999 |
_c55634 _d55634 |
||
| 001 | 22729 | ||
| 003 | GE_BSU | ||
| 005 | 20230502110132.0 | ||
| 008 | 181216s? ||||ge |||||||||||||| ||geo|| | ||
| 040 | _cGE_BSU | ||
| 041 | _ageo | ||
| 080 | _a28 ქ-60 | ||
| 100 |
_aქონრაფა მზექაი, მ. _917903 |
||
| 245 |
_aშუამავალი (ს.ა.ვ) / _cმზექაი, მ. ქონრაფა ; თარგმნა თამაზ მიქელაძემ ; თეოლოგიური რედ. რეზო მიქელაძე. |
||
| 264 |
_a[?] : _bერქამი, _c[?]. |
||
| 300 |
_a508 გვ. ; _c24 სმ. |
||
| 500 | _aსაერთაშორისო საქველმოქმედო ფონდი | ||
| 520 | _aსაერთაშორისო საქველმოქმედო ფონდი | ||
| 541 | _h5ლ. | ||
| 653 | _aისლამი | ||
| 653 | _aრელიგია | ||
| 653 | _aშუამავალი | ||
| 700 |
_aმიქელაძემ, თამაზ _eთარგმნა _917904 |
||
| 700 |
_aმიქელაძე, რეზო _eრედაქტორი _917905 |
||
| 942 |
_cBK _2udc |
||